[Event "Oberliga Baden 1819"]
[Site "Baden"]
[Date "2018.12.16"]
[Round "4.4"]
[White "Bodrozic, Tomislav"]
[Black "Petermann, Michail"]
[Result "1-0"]
[WhiteElo "2360"]
[BlackElo "2258"]
[PlyCount "55"]
[EventDate "2018.10.21"]
[EventType "team-tourn"]
[EventRounds "9"]
[EventCountry "GER"]
[SourceTitle "EXT 2020"]
[Source "ChessBase"]
[SourceDate "2019.10.17"]
[SourceVersion "1"]
[SourceVersionDate "2019.10.17"]
[SourceQuality "1"]
[WhiteTeam "Hockenheim II"]
[BlackTeam "Baden-Baden III"]
[WhiteTeamCountry "GER"]
[BlackTeamCountry "GER"]

1. e4 c5 2. Nf3 e6 3. g3 Nc6 4. Bg2 Nf6 5. Qe2 Qc7 6. 0-0 d6 7. c3 Be7 8. d4 0-0 9. Rd1 Re8 10. dxc5 dxc5 11. e5 Nd7 12. Bf4 b6 13. Na3 a6 14. Nc4 b5 15. Nd6 Rf8 16. Qe4 Ndb8 17. Ng5 Bxg5 18. Bxg5 Ra7 19. Be3 Ne7 20. b4 Nd7 21. bxc5 Nd5 22. Rxd5 exd5 23. Qxd5 Nb8 24. c6 Ra8 25. Qc5 Be6 26. Qb6 Qe7 27. Qb7 Nxc6 28. Bxc6 1-0

[Event "Stuttgart op 22nd"]
[Site "Ditzingen"]
[Date "2017.05.28"]
[Round "7"]
[White "Kowalczyk, Pawel"]
[Black "Petermann, Michail"]
[Result "0-1"]
[WhiteElo "2347"]
[BlackElo "2161"]
[PlyCount "78"]
[EventDate "2017.05.25"]
[EventType "swiss"]
[EventRounds "7"]
[EventCountry "GER"]
[SourceTitle "EXT 2018"]
[Source "ChessBase"]
[SourceDate "2017.10.13"]
[SourceVersion "1"]
[SourceVersionDate "2017.10.13"]
[SourceQuality "1"]

1. d4 f5 2. g3 Nf6 3. Bg2 g6 4. Nf3 Bg7 5. 0-0 0-0 6. c4 d6 7. Nc3 c6 8. Bf4 Nh5 9. Qb3 Nxf4 10. gxf4 Qb6 11. Qc2 Na6 12. a3 Be6 13. Na4 Qd8 14. Ng5 Bf7 15. d5 Qd7 16. Rad1 cxd5 17. cxd5 Rac8 18. Nc3 Nc5 19. Qd2 Kh8 20. e4 h6 21. Nxf7+ Rxf7 22. Bh3 Na4 23. Rc1 Nxc3 24. bxc3 Qa4 25. Rfe1 Rc4 26. exf5 gxf5 27. Qe3 Re4 28. Qg3 Rxf4 29. Rb1 Be5 30. Qe3 Rg7+ 31. Kh1 Qe4+ 32. Qxe4 fxe4 33. Rg1 Rxf2 34. Rxg7 Rxh2+ 35. Kg1 Kxg7 36. Bg2 e3 37. Re1 Bxc3 38. Rxe3 Bd4 39. Kxh2 Bxe3 0-1

[Event "Dresden ZMD op-A 21st"]
[Site "Dresden"]
[Date "2012.08.21"]
[Round "4"]
[White "Petermann, Michail"]
[Black "Ganguly, Surya Shekhar"]
[Result "0-1"]
[WhiteElo "2233"]
[BlackElo "2495"]
[PlyCount "84"]
[EventDate "2012.08.18"]
[EventType "swiss"]
[EventRounds "9"]
[EventCountry "GER"]
[SourceTitle "CBM 150 Extra"]
[Source "ChessBase"]
[SourceDate "2012.10.19"]
[SourceVersion "1"]
[SourceVersionDate "2012.10.19"]
[SourceQuality "1"]

1. e4 c5 2. Nf3 e6 3. d4 cxd4 4. Nxd4 Nc6 5. Nc3 Qc7 6. Be3 a6 7. Bd3 Nf6 8. 0-0 Nxd4 9. Bxd4 Bc5 10. Be2 d6 11. Na4 b5 12. Nxc5 dxc5 13. Be3 Nxe4 14. Bf3 Bb7 15. Bxe4 Bxe4 16. Qg4 f5 17. Qg3 Qxg3 18. hxg3 c4 19. c3 e5 20. Rfe1 Kf7 21. f4 Rhe8 22. Kf2 h6 23. Rad1 Bd3 24. fxe5 Rxe5 25. Bd4 Rd5 26. Re3 h5 27. Rde1 Be4 28. a3 a5 29. Bb6 Ra6 30. Bd4 Rd7 31. R3e2 g5 32. Be3 Rg6 33. Rd2 Rd3 34. Rxd3 cxd3 35. Rd1 a4 36. Rd2 Ke6 37. Bd4 Kd5 38. Ke3 h4 39. Kf2 hxg3+ 40. Kxg3 Rh6 41. Bg1 Kc4 42. Kf2 Rh1 0-1

[Event "Dresden ZMD op-A 21st"]
[Site "Dresden"]
[Date "2012.08.19"]
[Round "2"]
[White "Olszewski, Michal"]
[Black "Petermann, Michail"]
[Result "1-0"]
[WhiteElo "2526"]
[BlackElo "2233"]
[PlyCount "137"]
[EventDate "2012.08.18"]
[EventType "swiss"]
[EventRounds "9"]
[EventCountry "GER"]
[SourceTitle "CBM 150 Extra"]
[Source "ChessBase"]
[SourceDate "2012.10.19"]
[SourceVersion "1"]
[SourceVersionDate "2012.10.19"]
[SourceQuality "1"]

1. d4 d5 2. c4 e6 3. Nf3 Nf6 4. Nc3 c5 5. cxd5 Nxd5 6. g3 Nxc3 7. bxc3 b6 8. Bg2 Bb7 9. 0-0 Be7 10. Qd3 Nc6 11. h4 cxd4 12. Nxd4 Rc8 13. Rd1 0-0 14. Bf4 Bf6 15. Rac1 e5 16. Bxc6 Bxc6 17. Bxe5 Bb7 18. Bxf6 Qxf6 19. Qf5 Qd6 20. Qg5 Qg6 21. Nf5 Qxg5 22. hxg5 Rc7 23. Rd4 g6 24. Nd6 Rd8 25. Rcd1 Ba6 26. Ne4 Rxd4 27. Rxd4 Kf8 28. Kf1 Bb7 29. Nf6 Bc8 30. Nd5 Rc5 31. c4 Be6 32. f4 b5 33. e4 bxc4 34. Nc3 Ke7 35. Ke2 Ra5 36. Kd2 Ra3 37. Kc2 Ra5 38. Kb2 Ra6 39. Rd2 Rd6 40. Kc2 Rxd2+ 41. Kxd2 Kd6 42. Nd1 Kc5 43. Kc3 Bg4 44. Ne3 Bf3 45. e5 Be2 46. g4 Bf3 47. f5 gxf5 48. gxf5 Be4 49. a4 Bd3 50. a5 a6 51. f6 Bg6 52. Nxc4 Kd5 53. Kb4 Bd3 54. Nd6 Bg6 55. Nb7 Kxe5 56. Nc5 Bh5 57. Nxa6 Be2 58. Nc7 Kf4 59. Ne6+ Kg4 60. Kc5 Bf1 61. Kd6 Bc4 62. Nd8 Kxg5 63. Ke7 Kg6 64. Nxf7 Bxf7 65. a6 h5 66. a7 Bd5 67. f7 Bxf7 68. a8Q Kg7 69. Qa1+ 1-0

[Event "Pardubice Czech op-A 23rd"]
[Site "Pardubice"]
[Date "2012.07.23"]
[Round "4"]
[White "Kislik, Erik Andrew"]
[Black "Petermann, Michail"]
[Result "1/2-1/2"]
[WhiteElo "2408"]
[BlackElo "2259"]
[PlyCount "61"]
[EventDate "2012.07.12"]
[EventType "swiss"]
[EventRounds "9"]
[EventCountry "CZE"]
[SourceTitle "CBM 149 Extra"]
[Source "ChessBase"]
[SourceDate "2012.08.24"]
[SourceVersion "1"]
[SourceVersionDate "2012.08.24"]
[SourceQuality "1"]

1. d4 Nf6 2. c4 e5 3. dxe5 Ng4 4. Bf4 g5 5. Bg3 Bg7 6. Nf3 Nc6 7. Nc3 Ngxe5 8. Nxe5 Nxe5 9. e3 d6 10. h4 g4 11. h5 h6 12. Qc2 Be6 13. 0-0-0 Nxc4 14. Bxc4 Bxc4 15. Qa4+ b5 16. Nxb5 Bxb5 17. Qxb5+ Qd7 18. Qxd7+ Kxd7 19. Rd5 Ke6 20. Rd2 Rhb8 21. Rc2 Rb7 22. b3 a5 23. Rc4 a4 24. bxa4 d5 25. Rc2 Rxa4 26. Bxc7 Rc4 27. Bg3 Rb2 28. Rxc4 dxc4 29. Rd1 Rxa2 30. Rd6+ Ke7 31. Rc6 1/2-1/2

[Event "Pardubice Czech op-A 23rd"]
[Site "Pardubice"]
[Date "2012.07.20"]
[Round "1"]
[White "Petermann, Michail"]
[Black "Gutman, Gennadi"]
[Result "1/2-1/2"]
[WhiteElo "2259"]
[BlackElo "2493"]
[PlyCount "80"]
[EventDate "2012.07.12"]
[EventType "swiss"]
[EventRounds "9"]
[EventCountry "CZE"]
[SourceTitle "CBM 149 Extra"]
[Source "ChessBase"]
[SourceDate "2012.08.24"]
[SourceVersion "1"]
[SourceVersionDate "2012.08.24"]
[SourceQuality "1"]

1. e4 e6 2. d4 d5 3. Nd2 a6 4. Ngf3 c5 5. dxc5 Bxc5 6. Bd3 Nf6 7. 0-0 Nc6 8. exd5 exd5 9. Nb3 Be7 10. Bg5 Bg4 11. Be2 0-0 12. Nfd4 Bd7 13. Nxc6 bxc6 14. Qd4 h6 15. Bh4 Re8 16. Rfe1 a5 17. c3 g5 18. Bg3 Ne4 19. Qd1 Qb6 20. Bd3 Nxg3 21. hxg3 Bf6 22. Qc2 a4 23. Nd2 a3 24. b3 c5 25. Nf1 d4 26. cxd4 Bxd4 27. Rad1 Qf6 28. Ne3 Re5 29. Nc4 Re6 30. Rxe6 Bxe6 31. Re1 Bxc4 32. Bxc4 Kg7 33. Re2 Ra7 34. Bb5 Rb7 35. Qd3 Re7 36. Qf3 Rxe2 37. Qxf6+ Kxf6 38. Bxe2 Bc3 39. Bc4 Bb4 40. Kf1 Kg7 1/2-1/2

[Event "Baden-ch"]
[Site "Emmendingen"]
[Date "2012.06.10"]
[Round "9"]
[White "Vatter, Hans Joachim"]
[Black "Petermann, Michail"]
[Result "1-0"]
[WhiteElo "2308"]
[BlackElo "2236"]
[PlyCount "39"]
[EventDate "2012.06.04"]
[EventType "swiss"]
[EventRounds "9"]
[EventCountry "GER"]
[SourceTitle "CBM 148 Extra"]
[Source "ChessBase"]
[SourceDate "2012.06.22"]
[SourceVersion "1"]
[SourceVersionDate "2012.06.22"]
[SourceQuality "1"]

1. e4 d6 2. d4 Nf6 3. Nc3 g6 4. f4 Bg7 5. Nf3 c5 6. dxc5 Qa5 7. Qd4 0-0 8. cxd6 Nxe4 9. Qxe4 Bxc3+ 10. bxc3 Qxc3+ 11. Kf2 Qxa1 12. dxe7 Re8 13. Bc4 Nc6 14. Bxf7+ Kxf7 15. Qc4+ Kg7 16. Qb3 Nd4 17. Bb2 Qxh1 18. Bxd4+ Kh6 19. Qf7 Rg8 20. Qf6 1-0

[Event "Baden-ch"]
[Site "Emmendingen"]
[Date "2012.06.08"]
[Round "5"]
[White "Ivanov, Mikhail M"]
[Black "Petermann, Michail"]
[Result "1/2-1/2"]
[WhiteElo "2395"]
[BlackElo "2236"]
[PlyCount "35"]
[EventDate "2012.06.04"]
[EventType "swiss"]
[EventRounds "9"]
[EventCountry "GER"]
[SourceTitle "CBM 148 Extra"]
[Source "ChessBase"]
[SourceDate "2012.06.22"]
[SourceVersion "1"]
[SourceVersionDate "2012.06.22"]
[SourceQuality "1"]

1. d4 Nf6 2. Nf3 c5 3. d5 e6 4. c4 b5 5. Bg5 exd5 6. cxd5 h6 7. Bxf6 Qxf6 8. Nc3 b4 9. Na4 d6 10. e4 g5 11. Bb5+ Bd7 12. Bd3 g4 13. Nd2 Bg7 14. a3 Qd4 15. Nc4 0-0 16. axb4 Bb5 17. Qb3 Na6 18. 0-0 1/2-1/2

[Event "Stuttgart-ch op-A"]
[Site "Ditzingen"]
[Date "2012.05.19"]
[Round "6"]
[White "Graf, Felix"]
[Black "Petermann, Michail"]
[Result "1-0"]
[WhiteElo "2395"]
[BlackElo "2236"]
[PlyCount "61"]
[EventDate "2012.05.17"]
[EventType "swiss"]
[EventRounds "7"]
[EventCountry "GER"]
[SourceTitle "EXT 2015"]
[Source "ChessBase"]
[SourceDate "2014.11.20"]
[SourceVersion "1"]
[SourceVersionDate "2014.11.20"]
[SourceQuality "1"]

1. d4 Nf6 2. Nf3 c5 3. d5 e6 4. c4 b5 5. Bg5 exd5 6. cxd5 d6 7. e4 a6 8. Nbd2 h6 9. Bxf6 Qxf6 10. Qc2 Nd7 11. a4 Rb8 12. axb5 axb5 13. Be2 g5 14. 0-0 Bg7 15. e5 dxe5 16. Ne4 Qg6 17. h4 c4 18. h5 Qb6 19. Ng3 Nc5 20. Nh2 Nb3 21. Bg4 0-0 22. Bxc8 Rbxc8 23. Nf5 Rcd8 24. Rad1 Nd4 25. Qe4 Qf6 26. Rxd4 exd4 27. Ng4 Qb6 28. Nxg7 Kxg7 29. Qe5+ Kg8 30. Nf6+ Kh8 31. Qf5 1-0

[Event "Bodensee-Cup 18th"]
[Site "Lindau"]
[Date "2012.05.05"]
[Round "2.11"]
[White "Petermann, Michail"]
[Black "Gaehwiler, Gabriel"]
[Result "0-1"]
[WhiteElo "2203"]
[BlackElo "2280"]
[PlyCount "94"]
[EventDate "2012.05.04"]
[EventType "team-tourn"]
[EventRounds "3"]
[EventCountry "GER"]
[SourceTitle "EXT 2015"]
[Source "ChessBase"]
[SourceDate "2014.11.20"]
[SourceVersion "1"]
[SourceVersionDate "2014.11.20"]
[SourceQuality "1"]
[WhiteTeam "Baden"]
[BlackTeam "Switzerland"]
[WhiteTeamCountry "GER"]
[BlackTeamCountry "SUI"]

1. e4 c5 2. Nf3 d6 3. d4 cxd4 4. Nxd4 Nf6 5. Nc3 a6 6. f3 e5 7. Nb3 Be6 8. Be3 Be7 9. Qd2 0-0 10. 0-0-0 a5 11. Kb1 a4 12. Nc1 a3 13. b3 Ra5 14. g4 d5 15. g5 d4 16. gxf6 Bxf6 17. Bf2 dxc3 18. Qxd8 Rxd8 19. Rxd8+ Bxd8 20. Ne2 Nc6 21. Nxc3 Nd4 22. Bxd4 exd4 23. Nb5 Bf6 24. Be2 Be5 25. h4 h5 26. Rd1 Bg3 27. Nxd4 Bxh4 28. f4 Bg4 29. Bxg4 hxg4 30. e5 Rd5 31. c4 Rxd4 32. Rxd4 Bf2 33. Rd8+ Kh7 34. f5 g3 35. Kc2 g2 36. Rd1 g1Q 37. Rxg1 Bxg1 38. Kd3 Kh6 39. Ke4 Kg5 40. b4 b6 41. e6 fxe6 42. fxe6 Kf6 43. Kd5 Ke7 44. Ke5 Bh2+ 45. Kd5 g5 46. c5 bxc5 47. bxc5 g4 0-1

[Event "Oberliga Baden 1112"]
[Site "Germany"]
[Date "2012.04.15"]
[Round "9.5"]
[White "Petermann, Michail"]
[Black "Wuest, Hans Heiner"]
[Result "1-0"]
[WhiteElo "2186"]
[BlackElo "2133"]
[PlyCount "79"]
[EventDate "2011.10.02"]
[EventType "team-tourn"]
[EventRounds "9"]
[EventCountry "GER"]
[SourceTitle "EXT 2013"]
[Source "ChessBase"]
[SourceDate "2012.11.22"]
[SourceVersion "1"]
[SourceVersionDate "2012.11.22"]
[SourceQuality "1"]
[WhiteTeam "Baden-Baden III"]
[BlackTeam "Kirchheim"]
[WhiteTeamCountry "GER"]
[BlackTeamCountry "GER"]

1. e4 c5 2. Nf3 d6 3. d4 cxd4 4. Nxd4 Nf6 5. f3 a6 6. c4 e6 7. Nc3 Be7 8. Be3 0-0 9. Be2 Nc6 10. 0-0 Bd7 11. Qd2 Rc8 12. Rac1 Ne5 13. b3 Qc7 14. Rfd1 Qb8 15. Bf1 Rfd8 16. Qf2 Be8 17. h3 Nc6 18. Nc2 Ne5 19. Ba7 Qa8 20. Bb6 Rd7 21. Na4 Rc6 22. Nb4 Rcc7 23. Bxc7 Rxc7 24. Nb6 Qb8 25. Nd3 Nxd3 26. Bxd3 Rc6 27. Na4 Nh5 28. f4 d5 29. cxd5 Rxc1 30. Rxc1 Bxa4 31. bxa4 Nxf4 32. Bf1 exd5 33. g3 Nh5 34. exd5 Nxg3 35. Bd3 g6 36. Re1 Bb4 37. Rb1 Bd6 38. Qb6 Nh5 39. Qxb7 Bc5+ 40. Kh1 1-0

[Event "Verbandsliga Sued Baden 1112"]
[Site "Germany"]
[Date "2011.10.09"]
[Round "1.1"]
[White "Merkel, Markus"]
[Black "Petermann, Michail"]
[Result "0-1"]
[WhiteElo "2145"]
[BlackElo "2133"]
[PlyCount "78"]
[EventDate "2011.10.09"]
[EventType "team-tourn"]
[EventRounds "9"]
[EventCountry "GER"]
[SourceTitle "EXT 2013"]
[Source "ChessBase"]
[SourceDate "2012.11.22"]
[SourceVersion "1"]
[SourceVersionDate "2012.11.22"]
[SourceQuality "1"]
[WhiteTeam "Iffezheim"]
[BlackTeam "Baden-Baden IV"]
[WhiteTeamCountry "GER"]
[BlackTeamCountry "GER"]

1. Nf3 c5 2. g3 b5 3. Bg2 Bb7 4. 0-0 e6 5. d3 Nf6 6. Nbd2 Be7 7. c3 0-0 8. a3 Qc7 9. b3 d5 10. Bb2 Nbd7 11. c4 a6 12. Qc2 d4 13. cxb5 e5 14. bxa6 Bc6 15. Nc4 Rxa6 16. Nfd2 Nd5 17. e4 dxe3 18. fxe3 Bg5 19. Rfe1 f5 20. e4 Ne7 21. Nf3 Bf6 22. exf5 Nxf5 23. Ncxe5 Bxe5 24. Nxe5 Nxe5 25. Bxe5 Qb7 26. Qc4+ Kh8 27. Bxc6 Qxc6 28. Rf1 Raa8 29. Qg4 Qd7 30. Rae1 h6 31. Qg6 Kg8 32. Bb2 c4 33. dxc4 Qa7+ 34. Kg2 Qb7+ 35. Kh3 Ra6 36. Qg4 Qc8 37. Rxf5 Qxf5 38. Qxf5 Rxf5 39. Re7 Rf2 0-1

[Event "Vienna op 17th"]
[Site "Vienna"]
[Date "2011.08.20"]
[Round "8"]
[White "Petermann, Michail"]
[Black "Szalanczy, Emil"]
[Result "0-1"]
[WhiteElo "2149"]
[BlackElo "2325"]
[PlyCount "106"]
[EventDate "2011.08.13"]
[EventType "swiss"]
[EventRounds "9"]
[EventCountry "AUT"]
[SourceTitle "CBM 143 Extra"]
[Source "ChessBase"]
[SourceDate "2011.08.29"]
[SourceVersion "1"]
[SourceVersionDate "2011.08.29"]
[SourceQuality "1"]

1. e4 c5 2. Nc3 Nc6 3. f4 g6 4. Nf3 Bg7 5. Bc4 Nh6 6. 0-0 0-0 7. d3 d6 8. Qe1 Nd4 9. Nxd4 cxd4 10. Ne2 e6 11. f5 exf5 12. Ng3 Ng4 13. exf5 d5 14. Bb3 Re8 15. Qd1 Qh4 16. h3 Ne3 17. Bxe3 Rxe3 18. Rf3 Be5 19. Nf1 Bxf5 20. Nxe3 dxe3 21. c3 d4 22. Qf1 Re8 23. Qe2 dxc3 24. bxc3 Bxc3 25. Raf1 Bd4 26. Rf4 Qd8 27. g4 Be6 28. Rxf7 Bxb3 29. axb3 Qd5 30. R7f4 a5 31. Rc1 b5 32. Re4 Rxe4 33. dxe4 Qxe4 34. Rc8+ Kg7 35. Rc7+ Kh6 36. h4 g5 37. hxg5+ Kxg5 38. Rd7 Be5 39. Rd8 Qxg4+ 40. Qxg4+ Kxg4 41. Kg2 Kf4 42. Ra8 Ke4 43. Rd8 Bd4 44. Re8+ Kd3 45. Kf3 h5 46. Rg8 h4 47. Rg2 Bc3 48. Re2 Bd2 49. Rh2 Kc3 50. Ke2 Kxb3 51. Kd3 a4 52. Rh1 Kb2 53. Rxh4 a3 0-1

[Event "Vienna op 17th"]
[Site "Vienna"]
[Date "2011.08.17"]
[Round "5"]
[White "Schnepp, Gunnar"]
[Black "Petermann, Michail"]
[Result "1/2-1/2"]
[WhiteElo "2300"]
[BlackElo "2149"]
[PlyCount "61"]
[EventDate "2011.08.13"]
[EventType "swiss"]
[EventRounds "9"]
[EventCountry "AUT"]
[SourceTitle "CBM 143 Extra"]
[Source "ChessBase"]
[SourceDate "2011.08.29"]
[SourceVersion "1"]
[SourceVersionDate "2011.08.29"]
[SourceQuality "1"]

1. d4 d5 2. c4 e6 3. Nc3 c5 4. cxd5 cxd4 5. Qa4+ Bd7 6. Qxd4 exd5 7. Qxd5 Nc6 8. Bg5 Nf6 9. Qd2 Qa5 10. Bxf6 gxf6 11. Qd5 Bc5 12. 0-0-0 0-0-0 13. Ne4 Be6 14. Qxc5 Rxd1+ 15. Kxd1 Qa4+ 16. Qc2 Qxa2 17. Kc1 Bb3 18. Nc3 Qa1+ 19. Qb1 Qa5 20. e3 Nb4 21. Bd3 Rd8 22. Bf5+ Kb8 23. Nf3 Qc7 24. Qe4 Na2+ 25. Kb1 Nxc3+ 26. bxc3 Qa5 27. Nd4 Qa2+ 28. Kc1 Qa3+ 29. Kb1 Qa2+ 30. Kc1 Qa3+ 31. Kb1 1/2-1/2

[Event "GER-ch U18"]
[Site "Oberhof"]
[Date "2011.06.12"]
[Round "2"]
[White "Berchtenbreiter, Maximilian"]
[Black "Petermann, Michail"]
[Result "1/2-1/2"]
[WhiteElo "2284"]
[BlackElo "2134"]
[PlyCount "79"]
[EventDate "2011.06.11"]
[EventType "swiss"]
[EventRounds "9"]
[EventCountry "GER"]
[SourceTitle "CBM 142 Extra"]
[Source "ChessBase"]
[SourceDate "2011.06.27"]
[SourceVersion "1"]
[SourceVersionDate "2011.06.27"]
[SourceQuality "1"]

1. e4 e5 2. Nf3 Nc6 3. Bc4 Bc5 4. c3 Nf6 5. d3 a6 6. Bb3 Ba7 7. Qe2 0-0 8. Bg5 d6 9. Nbd2 Ne7 10. Nh4 Kh8 11. Bxf6 gxf6 12. Qf3 Nc6 13. Nf5 Be6 14. Rg1 Ne7 15. Nh6 Ng8 16. Ng4 c6 17. Rf1 b5 18. Ne3 Qd7 19. g4 Rad8 20. Nf5 d5 21. Bc2 dxe4 22. Nxe4 Bxf5 23. gxf5 Ne7 24. Ng3 b4 25. Qh5 bxc3 26. bxc3 Nd5 27. Qh6 Qe7 28. Ne4 Rg8 29. Rd1 Bb6 30. Ke2 Rg7 31. Rg1 Rdg8 32. Rxg7 Rxg7 33. Bb3 Qd7 34. Bxd5 cxd5 35. Qxf6 dxe4 36. Qxb6 Qxf5 37. Qe3 Rg4 38. d4 exd4 39. Qxd4+ Kg8 40. Qd8+ 1/2-1/2